Quelqu'un d'autre t'aimera- JUL- Paroles - Statistiques

Statistiques générales
  • Ce quiz a été pris 32 fois
  • Le résultat moyen est 326 sur 444
Statistiques - réponses
Parolesses % Correct
à
95%
a
95%
de
95%
il
95%
Il
95%
la
95%
95%
La
95%
là,
95%
que
95%
ta
95%
t'a
95%
te
95%
c
91%
d'autre
91%
des
91%
tu
91%
Tu
91%
bon
86%
pas
86%
pas,
86%
quelqu'un
86%
t'aimera
86%
aller
82%
Aller,
82%
en
82%
fais
82%
faisait
82%
le
82%
Le
82%
ma
82%
roue
82%
se
82%
tournera,
82%
tournera
82%
Tout
82%
tout
82%
va
82%
balades
77%
ca
77%
ce
77%
débarras
77%
Et,
77%
et
77%
fou
77%
lui
77%
mal
77%
ne
77%
77%
Pendant
77%
quand
77%
Quand
77%
un
77%
Bonita
73%
c'est
73%
dit
73%
fait
73%
faut
73%
gadji
73%
mala
73%
malade
73%
n'es
73%
noche
73%
parles
73%
plus
73%
pote
73%
qu'il
73%
qu'tu
73%
St Tropez
73%
t'insultant
73%
week-end
73%
au
68%
corazon
68%
couple
68%
Crois
68%
crois
68%
dans
68%
Dans
68%
disais
68%
dormais
68%
est
68%
gars
68%
l'attendais
68%
Mais
68%
Pour
68%
qu't'es
68%
Rien
68%
rien
68%
si
68%
t'es
68%
Ton
68%
ton
68%
Toujours
68%
toujours
68%
vie
68%
voyait
68%
ailes
64%
ailleurs
64%
balafres
64%
beauté
64%
belle
64%
choix,
64%
derrière
64%
Derrière
64%
disait
64%
d'la
64%
final ?
64%
l'monde
64%
mac
64%
mener
64%
on
64%
oui
64%
plein
64%
pleures
64%
pousser
64%
rentre
64%
sait
64%
Senora
64%
Senora,
64%
seule
64%
souvent
64%
toi,
64%
voir
64%
agit
59%
as
59%
cas-là
59%
cause
59%
cavales,
59%
cœur
59%
coeur
59%
conneries
59%
Ensemble
59%
folie
59%
jamais
59%
l'aimes
59%
l'année
59%
l'temps,
59%
normal
59%
normal ?
59%
poubelles
59%
rendes
59%
sent
59%
ses
59%
snap
59%
Snap
59%
trop
59%
Vasy
59%
vous
59%
changer
55%
comprends
55%
d'l'amour
55%
d'lamour
55%
donné
55%
étais
55%
formiez
55%
n'est
55%
N'oublies
55%
qu'c'est
55%
raccroche
55%
sous
55%
sur
55%
t'fait
55%
t'y
55%
valeur
55%
veut
55%
vois
55%
branche
50%
comme
50%
contacts
50%
écrou
50%
fraîche
50%
grandit
50%
grenade
50%
homme,
50%
juste
50%
l'insomnia
50%
poi-reauter
50%
Sans
50%
savoir
50%
tailleur
50%
t'estime
50%
t'rende
50%
vu
50%
condamnée
45%
l'IPhone
45%
l'Iphone
45%
parce
45%
Parce
45%
pommade,
45%
pommade ?
45%
t'passer
45%
transformé
45%
Alonzo,
41%
assumé
41%
du
41%
était
41%
Ju-ju-jul
41%
l'as
41%
sens
41%
Toute
41%
transformer
41%
vêtements,
41%
Ehhh,
36%
Flou,
36%
valeurs
36%
Vides
36%
t'estimes
32%
vis
32%
pistais
27%
sale
27%
d'éléments
18%
REFRAIN
9%
Aucun quiz correspondant
Distribution des résultats
% des personnes avec chaque résultat
Percentile par nombre de réponses
Votre historique - résultats
Vous n’avez pas pris ce quiz